| 000 | 00000nam 2200000zi 4500 |
| 001 | 9.940728 |
| 003 | CaOODSP |
| 005 | 20240718140852 |
| 006 | m o d f |
| 007 | cr bn||||||||| |
| 008 | 240718t19801980onc ob f000 0 eng d |
| 020 | |a0662508645 |q(print) |
| 040 | |aCaOODSP|beng|erda|cCaOODSP |
| 043 | |an-cn--- |
| 086 | 1 |aEn42-1/01-80-1E-PDF |
| 086 | 1 |aEn46-1/80-1|zEM 46-1/80-1 |
| 245 | 00|aEnvironmental code of good practice for general construction. |
| 246 | 3 |aCode of good practice for general construction |
| 264 | 1|aOttawa, Ontario, Canada : |bEnvironment Canada, Environmental Protection Service = Environnement Canada, Service de la protection de l'environnement, |c1980. |
| 264 | 4|c©1980 |
| 300 | |a1 online resource (iv, 51 pages). |
| 336 | |atext|btxt|2rdacontent |
| 337 | |acomputer|bc|2rdamedia |
| 338 | |aonline resource|bcr|2rdacarrier |
| 490 | 1 |aEnvironmental Protection Service report series |
| 500 | |a"Federal Activities Branch, Environmental Impact Control Directorate, Environmental Protection Service, Department of Environment." |
| 500 | |a"EPS 1-EC-80-1, March 1980." |
| 500 | |a"Regulations, codes and protocols, report EPS 1-EC-80-1"--Cover. |
| 500 | |a"Environmental Impact Control Directorate ..."--Cover. |
| 500 | |aDigitized edition from print [produced by Environment and Climate Change Canada]. |
| 504 | |aIncludes bibliographical references (pages 45-48). |
| 650 | 0|aBuilding|xEnvironmental aspects|zCanada. |
| 650 | 0|aConstruction industry|xEnvironmental aspects|zCanada. |
| 650 | 0|aEnvironmental protection|zCanada. |
| 650 | 6|aConstruction|xAspect de l'environnement|zCanada. |
| 650 | 6|aConstruction|xIndustrie|xAspect de l'environnement|zCanada. |
| 650 | 6|aEnvironnement|xProtection|zCanada. |
| 710 | 1 |aCanada. |bEnvironmental Protection Service, |eissuing body. |
| 710 | 1 |aCanada. |bEnvironmental Impact Control Directorate, |eissuing body. |
| 830 | #0|aEnvironmental Protection Service report series.|w(CaOODSP)9.866031 |
| 856 | 40|qPDF|s1.66 MB|uhttps://publications.gc.ca/collections/collection_2024/eccc/en42/En42-1-01-80-1-eng.pdf |